| 000 | 00700nam a22002537a 4500 | ||
|---|---|---|---|
| 003 | UA-OsUOA | ||
| 001 | 25871 | ||
| 007 | ta | ||
| 008 | 20040429b un ||||| |||| 00| 0 ukr d | ||
| 100 | _aСабуров А.С. | ||
| 090 |
_a340.6 _bС12 |
||
| 942 | _cBK | ||
| 040 |
_aUA-OsUOA _bukr _cUA-OsUOA _dUA-OsUOA |
||
| 245 |
_aЮридична психологія _bНавчальний посібник для студентів юридичних вузів та факультетів |
||
| 300 | _a208 с. | ||
| 955 | _a0 | ||
| 041 | _aukr | ||
| 080 | _a340.6 | ||
| 020 | _a966-95901-3-2 | ||
| 260 |
_aКиїв _bТП Пресс _c2003 |
||
| 044 | _aUA | ||
| 650 | 7 | _2UDC | |
| 999 |
_c312176 _d312176 |
||